| 000 | 01007nam a2200289 i 4500 | ||
|---|---|---|---|
| 001 | 191502 | ||
| 003 | SpMaBN | ||
| 005 | 20250727150807.0 | ||
| 008 | 220926s1987 sp spa | ||
| 016 | 7 |
_abimoBNE19910345451 _zSAB9000038146 [ _2SpMaBN] |
|
| 017 |
_aM 28427-1987 _bOficina Depósito Legal Madrid |
||
| 020 | _a84-86688-00-0 | ||
| 035 | _a(OCoLC)434896672 | ||
| 040 |
_aSpMaBN _bspa _cSpMaBN _erdc |
||
| 080 |
_a _a025.45 CDU (083.74) |
||
| 245 | 0 | 0 |
_aCDU : _bClasificación Decimal Universal. |
| 250 | _aEd. abreviada española, 5ª ed. rev. y act. | ||
| 260 |
_aMadrid : _bAenor, _c1987. |
||
| 300 |
_a358 p. ; _c31 cm. |
||
| 500 | _a"FID Núm. 648, UNE 50-001, 3ª revisión" | ||
| 504 | _aÍndice. | ||
| 650 | 7 |
_aClasificación decimal universal _2embne _9164660 |
|
| 710 | 2 |
_aAsociación Española de Normalización y Certificación. _9175273 |
|
| 852 |
_aES-MaACL _jA-15154 _9 198723 _cDEPO1 _dOlim: 025.45 CDU (1987) |
||
| 942 | _2udc | ||
| 999 |
_c191502 _d191502 |
||